LEADER 01284nam 2200409 450 001 990000710970203316 035 $a0071097 035 $aUSA010071097 035 $a(ALEPH)000071097USA01 035 $a0071097 100 $a20011030d1986----km-y0itay0103----ba 101 $aeng 102 $aDE 105 $a||||||||001yy 200 1 $aLow-energy electron diffraction$eexperiment, theory and surface structure determination$fM.A. Van Hove, W.H. Weinberg, C.-M. Chan 210 $aBerlin$cSpringer$dc1986 215 $aXVI, 603 p.$d24 cm 225 2 $aSpringer series in surface sciences 410 $12001$aSpringer series in surface sciences 461 1$1001-------$12001 606 0 $aSuperfice 606 0 $aDiffrazione 606 0 $aChimica delle superfici 676 $a530.41 700 1$aHOVE,$bMichel André$0549264 701 1$aWEINBERG,$bWilliam Henry$0549265 701 1$aCHAN,$bChi-Ming$0549266 801 0$aIT$bsalbc$gISBD 912 $a990000710970203316 951 $a530.41 HOV$b10727 ING$c530.41 959 $aBK 969 $aTEC 979 $aPATTY$b90$c20011030$lUSA01$h1414 979 $c20020403$lUSA01$h1720 979 $aPATRY$b90$c20040406$lUSA01$h1649 996 $aLow-energy electron diffraction$9963230 997 $aUNISA LEADER 01038nam2 2200289 450 001 000031779 005 20171212134735.0 010 $a978-88-7431-426-3 100 $a20081031d2008----km-y0itay50------ba 101 0 $aita 102 $aIT 105 $ay-------001yy 200 1 $a<>riviste a Napoli dal XVIII secolo al primo Novecento$eatti del convegno internazionale-Napoli 2007, 15-17 novembre$fAntonio Garzya 210 $a[Napoli]$cAccademia Pontaniana$d2008 215 $a710 p.$cill.$d24 cm 225 2 $aQuaderni dell'Accademia pontaniana$v53 410 0$12001$aQuaderni dell'Accademia pontaniana 461 0$1001000031778 500 10$a<>riviste a Napoli dal XVIII secolo al primo Novecento$91499735 610 1 $aStampa periodica 676 $a070$v21 700 1$aGarzya,$bAntonio$09777 801 0$aIT$bUNIPARTHENOPE$c20081031$gRICA$2UNIMARC 912 $a000031779 951 $aQUAP 085/53$bs.i.$cNAVA1$d2008 996 $aRiviste a Napoli dal XVIII secolo al primo Novecento$91499735 997 $aUNIPARTHENOPE